000 01073cad a22002415a 4500
001 E150344
008 100701s2010 xxk f s000 0 eng d
020 _a9781406164985
035 _a(Sirsi) u150344
041 0 _aeng
110 2 _aScotland
_bScottish Government
_95344
245 0 0 _aProperty Factors (Scotland) Bill
_b(as introduced)
_h[electronic resource]
260 _a[Edinburgh]
_bScottish Parliamentary Corporate Body
_c2010
490 0 _aSP Bill
_v(51)
520 _aA Bill introduced on 1 June 2010 which seeks to set up a register of property factors and to require registration of property factors. Also makes provision in relation to the resolution of disputes between homeowners and property factors, and associated purposes.
521 _aAdvanced
590 _aKA
650 2 4 _aPROPERTY FACTORS (SCOTLAND) BILL
651 4 _aScotland
_y1999-
690 _aLandlord and tenant
_96252
856 4 0 _uhttps://www.scottish.parliament.uk/s3/bills/51-PropertyFactors/index.htm
_zView the Bill free of charge at www.scottish.parliament.uk...
942 _n0
999 _c110837
_d110837